| 000 | 00389cam a22001337a 4500 | ||
|---|---|---|---|
| 008 | 180718b1968 xxu||||| |||| 00| 0 eng d | ||
| 082 | _aD71 K96 | ||
| 100 | _aKumar, Mahendra | ||
| 245 |
_aCurrent peace research and India _cby Mahendra Kumar |
||
| 260 |
_aRajghat _bGandhian Institute of Studies _c1968 |
||
| 300 | _a147p. | ||
| 650 | _aInternational relations --Research | ||
| 650 | _aPeace | ||
| 999 |
_c369888 _d369888 |
||